00483nam a2200145Ia 4500008004100000041000800041082001500049100001400064245003100078260004400109300003200153365001100185999001500196952012600211240624s9999 xx 000 0 und d aeng a344.01 PAD aPADHI P K aLABOUR AND INDUSTRIAL LAWS c2007aNew DelhibPrentice-Hall of India axliv, : 884 : p. : cm. ; 25 cRSb36 c9068d9068 02104070aIMTNbIMTNcRack 14-Bd2008-05-30eIBHg475.00n499o344.01 PADp9068r2024-06-24 00:00:00t1w2024-06-24yBK